Responses for show #8418 - Wednesday, June 9, 2021

Champion's winnings & consolation amounts matched to National Alliance on Mental Illness.

Contestants

[<< previous game]

Mara Davis, a conference & events manager from Chicago, Illinois

Shannon Debus-Horn, an attorney originally from Port Charlotte, Florida

Tim Lopez, a storytelling coach originally from Los Angeles, California (whose 1-day cash winnings total $14,400)

[next game >>]

Jeopardy! Round responses

NATIONAL FLOWERS
THE WIRE
LEMME PITCH THAT FOR YOU
THE U.K. IN THE 1980s
SILENT-LETTER WORDS
THE TONY AWARDS
    $200 26
the (red) poppy

Mara
    $200 11
barbed wire

Tim
    $200 1
Little Caesars

Shannon
    $200 21
(Margaret) Thatcher

Shannon
    $200 6
a knuckle

Mara
    $200 16
(James) Gandolfini

Shannon
    $400 27
(Mayim: Associated with the Netherlands.)

the tulip

Shannon
    $400 12
(Shannon: Who is Morse?)

(Alexander Graham) Bell

TimShannon
    $400 2
a cuckoo

Shannon
    $400 22
the Church of England (the Anglican Communion)

Mara
    $400 7
ascend

Tim
    $400 17
(Mayim: Come on, kids! Who is [*]?)
[Laughter]

Tony Randall

Triple Stumper
    $600 28
an orchid

Tim
    $600 13
hangers

Shannon
    $600 3
AT&T

Tim
    $600 23
[NOTE: Mara did not include the leading article in the group's name.]

A Flock of Seagulls

Mara
    $600 8
Wednesday

Mara
    $600 18
The Marvelous Mrs. Maisel

Tim
    $800 29
jasmine

Triple Stumper
    $1,600 14
(Mayim: The show was set in Baltimore.)

Maryland

Shannon
    $800 4
a burrito

Mara
    $800 24
Buckingham Palace

Tim
    $800 9
height

Shannon
    $800 19
Tony Romo

Tim
    $1000 30
the carnation

Shannon
    $1000 15
the Wallendas

Mara
    $1000 5
Allstate

Shannon
    $1000 25
(Tim: What is Ireland?)

Northern Ireland

TimMara
    $1000 10
league

Shannon
    $1000 20
(Mayim: The first was for "I Left My Heart In San Francisco".)

Tony Bennett

Tim

Scores at the first commercial break (after clue 15):

Tim Shannon Mara
$1,600 $5,200 $2,600

Scores at the end of the Jeopardy! Round:

Tim Shannon Mara
$4,400 $7,000 $4,800

Double Jeopardy! Round responses

POETIC BOOK TITLES
THE "A" LIST
ADDITIVES
TV COMEDY CHARACTER NAMES
PEOPLE FROM THAT STATE
(Mayim: What they're called per the Government Publishing Office.)
BODY WORDS
    $400 21
(Tim: What is For Whom the Bell Tolls?)

A Farewell to Arms

TimMara
    $400 16
(Neil) Armstrong

Mara
    $400 23
dyes (food colorings)

Mara
    $400 9
Selina Meyer

Mara
    $400 4
Indiana

Shannon
    $400 11
lap

Mara
    $800 22
A Passage to India

Triple Stumper
    $800 17
(Peter) Abelard

Tim
    $800 24
octane

Mara
    $800 1
Claire Dunphy

Mara
    $800 5
Wyomingite

Shannon
    $800 12
artery

Shannon
    $1200 28
The Dying of the Light

Shannon
    $1200 18
Charles Addams

Mara
    $1200 25
malt (malt barley)

Tim
    $1200 2
Alan Harper

Triple Stumper
    $1200 6
(Mara: [*]. What is [*]?)

Connecticutter

Mara
    $1200 13
brow

Triple Stumper
    $1,000 29
(Shannon: What is...)

Remembrance of Things Past

Shannon
    $1600 19
Corazon Aquino

Mara
    $1600 26
hydrophobic

Tim
    $1600 3
Chip Baskets

Triple Stumper
    $2,600 7
(Mara: I know one of them. [Laughs])
[Time's up]
(Mara: Uh... what is Illinois and something?)

(2 of ) Texas, Kansas & Arkansas

Mara
    $1600 14
(Mayim: "Pate" gives us [*].)

patella

Triple Stumper
    $2000 30
The Waste Land

Shannon
    $2000 20
Aeschylus

Shannon
    $2000 27
a suspension

Shannon
    $2000 10
Niles Crane

Mara
    $2000 8
Hawaii

Triple Stumper
    $2000 15
feet

Mara

Scores at the end of the Double Jeopardy! Round:

Tim Shannon Mara
$7,600 $15,200 $13,800

[wagering suggestions for these scores]

Final Jeopardy! Round responses

1960s SINGERS
(Mayim: That was in honor of his song, "(Sittin' On) The Dock Of The Bay" which was released in 1968, a month after his death in a plane crash.)
TimWho is Little Richard?
$2,400
MaraWho is Otis Redding
$13,800
ShannonWho is Hendrix?
$12,401
Otis Redding

Final scores:

Tim Shannon Mara
$5,200 $2,799 $27,600
2nd place: $2,000 3rd place: $1,000 New champion: $27,600

Game dynamics:

Coryat scores:

Tim Shannon Mara
$7,600 $15,400 $16,400
12 R,
2 W
18 R
(including 1 DD),
2 W
(including 1 DD)
20 R,
1 W
(including 1 DD)

Combined Coryat: $39,400

The J! Archive is created by fans, for fans. The Jeopardy! game show and all elements thereof, including but not limited to copyright and trademark thereto, are the property of Jeopardy Productions, Inc. and are protected under law. This website is not affiliated with, sponsored by, or operated by Jeopardy Productions, Inc. Join the discussion at JBoard.tv.